Central Library OPAC University of Rajshahi

Twentieth century ethics / (Record no. 1644)

MARC details
000 -LEADER
fixed length control field 00805cam a2200277 4500
001 - CONTROL NUMBER
control field 1644
003 - CONTROL NUMBER IDENTIFIER
rucl marc code BD-RjUL
005 - DATE AND TIME OF LATEST TRANSACTION
control field 20211208233358.0
008 - FIXED-LENGTH DATA ELEMENTS--GENERAL INFORMATION
fixed length control field 131124s1974 nyu b 001 0 eng
020 ## - INTERNATIONAL STANDARD BOOK NUMBER
International Standard Book Number 0231038771
035 ## - SYSTEM CONTROL NUMBER
System control number (BD-RjUL)1671
040 ## - CATALOGING SOURCE
Original cataloging agency DLC
Transcribing agency DLC
Modifying agency OCoLC
-- DLC
-- BD-RjUL
Language of cataloging eng
041 ## - LANGUAGE CODE
Language code of text/sound track or separate title eng
082 00 - DEWEY DECIMAL CLASSIFICATION NUMBER
Classification number 170.9
Author mark and year HAT 1974
100 1# - MAIN ENTRY--PERSONAL NAME
Personal name Hancock, Roger N.
Dates associated with a name 1929-
9 (RLIN) 5435
245 10 - TITLE STATEMENT
Title Twentieth century ethics /
Statement of responsibility, etc. Roger N. Hancock.
260 ## - PUBLICATION, DISTRIBUTION, ETC. (IMPRINT)
Place of publication, distribution, etc. New York :
Name of publisher, distributor, etc. Columbia University Press,
Date of publication, distribution, etc. c1974.
300 ## - PHYSICAL DESCRIPTION
Pagination vii, 240 p. ;
Size 23 cm.
504 ## - BIBLIOGRAPHY, ETC. NOTE
Bibliography, etc Bibliography: p. [231]-236.
Bibliography, etc Includes index.
650 #0 - SUBJECT ADDED ENTRY--TOPICAL TERM
Topical term or geographic name as entry element Ethics
Geographic subdivision Great Britain
General subdivision History.
9 (RLIN) 5436
Topical term or geographic name as entry element Ethics
Geographic subdivision United States
General subdivision History.
9 (RLIN) 5437
942 ## - ADDED ENTRY ELEMENTS (KOHA)
Source of classification or shelving scheme Dewey Decimal Classification
Koha item type Books
Holdings
Lost status Source of classification or shelving scheme Damaged status Not for loan Collection code Permanent Location Current Location Shelving location Date acquired Source of acquisition Cost, normal purchase price Total Checkouts Full call number Date last seen Copy number Koha item type Date checked out
  Dewey Decimal Classification     Non-fiction Central Library, University of Rajshahi Central Library, University of Rajshahi   23/01/1986 Toppam Tulip 32.50   170.9 HAT 1974 08/12/2013 C-3 Books  
  Dewey Decimal Classification     Non-fiction Central Library, University of Rajshahi Central Library, University of Rajshahi   23/01/1986 Toppan tulip enterprise 32.00   170.9 HAT 1974 09/04/2014 C-4 Books  
  Dewey Decimal Classification     Non-fiction Central Library, University of Rajshahi Central Library, University of Rajshahi   23/01/1986 Toppan tulip enterprise 32.50 1 170.9 HAT 1974 01/06/2022 C-5 Books 17/05/2022
  Dewey Decimal Classification     Non-fiction Central Library, University of Rajshahi Central Library, University of Rajshahi   23/01/1986 Tabpu 32.00   170.9 HAT 1974 25/07/2016 C-2 Books  
  Dewey Decimal Classification   Not For Loan Non-fiction Central Library, University of Rajshahi Central Library, University of Rajshahi Reading Room 23/01/1986 Tappom-Tulip 32.50   170.9 HAT 1974 03/12/2016 C-1 Books